| 000 | 00659nam a2200169 a 4500 | ||
|---|---|---|---|
| 001 | 000045528 | ||
| 005 | 20201002052311.0 | ||
| 008 | 150414s2012 dr ac 000 0 spa d | ||
| 040 |
_aDO-SdBNP _bspa _cBNPHU |
||
| 082 |
_axxxx _bxxxx |
||
| 111 | 1 |
_aFestival Iberoamericano de Teatro Infantil y Juvenil _n(3ero. : _d1-18 nov. 2012 _cSanto Domingo) _973585 |
|
| 245 | 1 | 0 |
_a3er. festival iberoamericano de teatro infantil y juvenil / _cBasilio Nova. |
| 246 | 1 | 0 | _aTercer festival iberoamericano de teatro infantil y juvenil |
| 260 |
_aSanto Domingo : _bFundación Teatro Cucara-Macara, _c2012. |
||
| 300 |
_a[20] p. : _bil. ; _c18 cm. |
||
| 700 | 1 |
_aNova, Basilio _973586 |
|
| 999 |
_c45017 _d45017 |
||